Short Communication - Nomenclatural correction in Cryptanthus Otto & A. Dietrich. (Bromeliaceae - Bromelioideae). (Registro n. 330377)
[ somente texto ]
| 000 -LÍDER | |
|---|---|
| fixed length control field | 01265nab a2200241 b4500 |
| 003 - CÓDIGO MARC DA AGÊNCIA CATALOGADORA | |
| Campo de controle | BR-BrBNA |
| 005 - DATA E HORA DA ÚLTIMA ATUALIZAÇÃO | |
| Campo de controle | 20250313102140.0 |
| 008 - CAMPO DE TAMANHO FIXO | |
| fixed length control field | 250313b2015 bl.qr|pooa||| 00| 0 eng | |
| 040 ## - FONTE DA CATALOGAÇÃO | |
| Agência catalogadora | BR-BrBNA |
| Idioma da catalogação | eng |
| 072 ## - CATEGORIA AGRIS | |
| Código AGRIS | F70 |
| 100 ## - ENTRADA PRINCIPAL - NOME PESSOAL | |
| Nome pessoal | Alves, Marccus |
| 100 ## - ENTRADA PRINCIPAL - NOME PESSOAL | |
| Nome pessoal | Marcucci, Rossella |
| 245 ## - TÍTULO PRINCIPAL | |
| Título principal | Short Communication - Nomenclatural correction in Cryptanthus Otto & A. Dietrich. (Bromeliaceae - Bromelioideae). |
| 500 ## - NOTA GERAL | |
| Nota geral | Publicação on-line; 19 ref.; Summary (En)<br/> |
| 942 ## - ADDED ENTRY ELEMENTS (KOHA) | |
| Koha item type | Analítica |
| 520 ## - NOTA DE RESUMO | |
| Nota de conteúdo | <br/><br/>Abstract<br/><br/>Nomenclatural correction in Cryptanthus Otto & A. Dietrich. (Bromeliaceae - Bromelioideae). A nomenclatural<br/>correction of the author name of Cryptanthus zonatus, an endemic species of Northeastern Brazil, is provided. A new<br/>synonym of this species is also proposed.<br/><br/>Key words: Atlantic Forest, Monocotyledons, Poales, taxonomy. |
| 650 ## - ASSUNTO - THESAGRO | |
| Cabeçalho tópico ou nome geográfico | MATA ATLÂNTICA |
| 650 ## - ASSUNTO - THESAGRO | |
| Cabeçalho tópico ou nome geográfico | MONOCOTILEDÔNEA |
| 650 ## - ASSUNTO - THESAGRO | |
| Cabeçalho tópico ou nome geográfico | TAXONOMIA |
| 773 0# - ENTRADA ANALÍTICA | |
| Host Biblionumber | 709 |
| Registro do item | 348914 |
| Imprenta | Rio de Janeiro-RJ Jardim Botanico do Rio de Janeiro 1935 |
| Outro identificador | 2025-1431 |
| Título | Rodriguésia (Brazil) |
| ISSN | 0370-6583; 2175-7860 on-line |
| Colação | v. 66(2) p. 661-664; (2015) |
| Número de controle de registro | BR2025000193 |
| 856 ## - ACESSO E ENDEREÇO ELETRÔNICO | |
| Identificador uniforme de recurso - URI | https://www.scielo.br/j/rod/a/rkdmCsdpr7jjyN68QXjYNNN/?format=pdf&lang=en |
Nenhum exemplar disponível.

BINAGRI